[Event "Let's Play Chess!"]
[Site "http://www.queenalice.com/game.php?id=574039"]
[Date "2009.4.18"]
[Round "-"]
[White "charles31"]
[Black "BlackFog"]
[Result "0-1"]
[WhiteElo "1766"]
[BlackElo "2040"]

1. e4 e6 2. d4 d5 3. e5 c5 4. dxc5 Bxc5 5. Bb5+ Bd7 6. Bxd7+ Nxd7 7. Nf3 Qb6 8.
O-O Ne7 9. a3 Rc8 10. Qd3 Ng6 11. b4 Be7 12. Re1 Qc7 13. c3 Ndxe5 14. Nxe5 Nxe5
15. Qg3 Ng6 16. Qxc7 Rxc7 17. Bb2 Bf6 18. Re3 O-O 19. Nd2 Bg5 20. Rae1 Bxe3 21.
Rxe3 e5 22. g3 f5 23. h4 Re8 24. h5 Nf8 25. f4 e4 26. Kg2 b5 27. Kh3 Ne6 28. Kh4
Rd8 29. g4 g6 30. gxf5 gxf5 31. h6 Nxf4 32. Kg5 Nd3 33. Ba1 f4 34. Rh3 Rd6 35.
Rxd3 exd3 36. Kxf4 Rxh6 37. Bb2 Rh2 38. Bc1 Rxc3 0-1

[Event "Let's Play Chess!"]
[Site "http://www.queenalice.com/game.php?id=574066"]
[Date "2009.4.18"]
[Round "-"]
[White "BlackFog"]
[Black "CampbellMarcel"]
[Result "1-0"]
[WhiteElo "2050"]
[BlackElo "1786"]

1. c4 e5 2. Nc3 Nf6 3. g3 d5 4. cxd5 Nxd5 5. Bg2 Nxc3 6. dxc3 Bd6 7. Nf3 f6 8.
Qb3 Nc6 9. O-O Qe7 10. Nd2 Be6 11. Bd5 Bxd5 12. Qxd5 O-O-O 13. Qb5 a6 14. Qa4 f5
15. Nc4 Bc5 16. h4 h6 17. a3 g5 18. b4 Ba7 19. Na5 Nxa5 20. Qxa5 gxh4 21. Kg2
hxg3 22. fxg3 Qe6 23. Rf3 f4 24. Qa4 fxg3 25. b5 h5 26. bxa6 h4 27. axb7+ Kb8
28. Be3 h3+ 29. Kh1 Bxe3 30. Qa8# 1-0

[Event "Let's Play Chess!"]
[Site "http://www.queenalice.com/game.php?id=574067"]
[Date "2009.4.18"]
[Round "-"]
[White "garca"]
[Black "BlackFog"]
[Result "0-1"]
[WhiteElo "1891"]
[BlackElo "2017"]

1. e4 e6 2. Nf3 d5 3. exd5 exd5 4. h3 Bf5 5. d3 Bd6 6. Be2 Nf6 7. Bg5 Nbd7 8.
Nc3 c6 9. Qd2 h6 10. Bh4 Qc7 11. a3 g5 12. Bxg5 hxg5 13. Nxg5 Bf4 0-1

[Event "Let's Play Chess!"]
[Site "http://www.queenalice.com/game.php?id=574068"]
[Date "2009.4.18"]
[Round "-"]
[White "CampbellMarcel"]
[Black "BlackFog"]
[Result "0-1"]
[WhiteElo "1778"]
[BlackElo "2067"]

1. e4 e6 2. b3 d5 3. exd5 exd5 4. d4 Bf5 5. c4 Bb4+ 6. Bd2 Qe7+ 7. Qe2 Qxe2+ 8.
Bxe2 Bxd2+ 9. Nxd2 Nf6 10. cxd5 Nxd5 11. Ngf3 Nd7 12. O-O c6 13. Ne5 Nb4 14. Bc4
Nxe5 15. dxe5 b5 16. Be2 a6 17. g4 Bd3 18. Bxd3 Nxd3 19. f4 O-O 20. Ne4 Rad8 21.
Nd6 f6 22. Nb7 Rde8 23. exf6 Rxf6 24. f5 h6 25. Rad1 Re3 26. Nd8 Nc5 27. Rfe1
Rxe1+ 28. Rxe1 Kf8 29. b4 Nd3 30. Re4 Rd6 31. Ne6+ Kf7 32. Nc5 Nxc5 33. bxc5 Rd5
34. Kf2 Rxc5 35. h4 Rc2+ 36. Re2 Rxe2+ 37. Kxe2 Kf6 38. Kd3 h5 39. gxh5 Kxf5 40.
Kd4 a5 41. Kc5 b4 42. Kxc6 a4 43. Kb5 b3 44. axb3 axb3 0-1

[Event "Challenge"]
[Site "http://www.queenalice.com/game.php?id=574337"]
[Date "2009.4.19"]
[Round "-"]
[White "tariann"]
[Black "BlackFog"]
[Result "1-0"]
[WhiteElo "2028"]
[BlackElo "2071"]

1. e4 e6 2. d4 d5 3. Nc3 Bb4 4. Bd3 Ne7 5. e5 Bxc3+ 6. bxc3 c5 7. Nf3 c4 8. Be2
O-O 9. O-O Ng6 10. Bg5 Qe8 11. h4 h6 12. h5 Ne7 13. Bc1 Qd8 14. a4 Nbc6 15. Ba3
b6 16. Nh4 Re8 17. f4 Nf5 18. Nxf5 exf5 19. g4 g6 20. gxf5 gxf5 21. Rf2 Kh7 22.
Rg2 Qh4 23. Qf1 Be6 24. Qf2 Qe7 25. Bxe7 1-0

[Event "Challenge"]
[Site "http://www.queenalice.com/game.php?id=574541"]
[Date "2009.4.19"]
[Round "-"]
[White "waldi"]
[Black "BlackFog"]
[Result "0-1"]
[WhiteElo "1867"]
[BlackElo "2076"]

1. d4 e6 2. c4 d5 3. Nc3 Nf6 4. Bg5 Be7 5. Nf3 O-O 6. e3 Ne4 7. Bxe7 Qxe7 8.
Nxe4 dxe4 9. Nd2 f5 10. Be2 c6 11. O-O e5 12. d5 cxd5 13. cxd5 a6 14. Bc4 Qd6
15. f3 b5 16. Bb3 exf3 17. Nxf3 Bb7 18. Nh4 g6 19. Rc1 Nd7 20. Rf2 Nf6 21. Rd2
Rac8 22. Rdc2 Rxc2 23. Rxc2 Rd8 24. Rd2 Bxd5 25. Bxd5+ Nxd5 26. Kf2 Qc5 27. Qe2
Rd6 28. Rd3 Nf4 29. Rc3 Qxc3 30. bxc3 Nxe2 31. Kxe2 e4 32. g3 Rd3 0-1

[Event "Challenge"]
[Site "http://www.queenalice.com/game.php?id=574809"]
[Date "2009.4.20"]
[Round "-"]
[White "waldi"]
[Black "BlackFog"]
[Result "0-1"]
[WhiteElo "1881"]
[BlackElo "2084"]

1. e4 e6 2. d4 d5 3. exd5 exd5 4. Nc3 g6 5. Nf3 Bg7 6. Bg5 f6 7. Bf4 c6 8. Be2
Ne7 9. O-O Bf5 10. Rc1 O-O 11. Nh4 Nd7 12. Nxf5 Nxf5 13. Bg4 Nh6 14. Be6+ Kh8
15. Qd2 Nf7 16. Na4 b6 17. c4 g5 18. Bg3 b5 19. cxb5 cxb5 20. Nc3 Nb6 21. Nxb5
f5 22. Bxf5 Nc4 23. Qc2 Nfd6 24. Nxd6 Nxd6 25. Bxh7 Rc8 26. Qd3 Rxc1 27. Rxc1
Qb6 28. Bxd6 Qxd6 29. Rd1 Qf4 30. f3 g4 31. fxg4 Qf2+ 32. Kh1 Re8 33. h3 Re2 34.
Rg1 Bxd4 35. Qb1 Rxb2 36. Qc1 Qxg1+ 37. Qxg1 Bxg1 38. Kxg1 Kxh7 0-1

[Event "Challenge"]
[Site "http://www.queenalice.com/game.php?id=575081"]
[Date "2009.4.20"]
[Round "-"]
[White "constantin"]
[Black "BlackFog"]
[Result "0-1"]
[WhiteElo "1829"]
[BlackElo "2104"]

1. e4 e6 2. f4 d5 3. e5 c5 4. Bb5+ Bd7 5. Bxd7+ Nxd7 6. Nf3 Qb6 7. O-O g6 8. d3
Bg7 9. d4 Rc8 10. Be3 c4 11. c3 Ne7 12. Qc2 Nf5 13. Bf2 O-O 14. Nbd2 f6 15. Rab1
Qc7 16. g4 Ne7 17. Bh4 Nb8 18. Bg3 f5 19. Ng5 Qd7 20. Ndf3 h6 21. gxf5 Nxf5 22.
Nh3 Ne3 23. Qxg6 Nxf1 24. Rxf1 Qf7 25. Qg4 Qf5 26. Qxf5 Rxf5 27. Nh4 Rh5 28. Nf2
Kh7 29. Nf3 Rf8 30. Nd2 Rhf5 31. Ng4 h5 32. Ne3 R5f7 33. b3 b5 34. b4 Nc6 35.
Kg2 Ne7 36. Nb1 Nf5 37. Nxf5 Rxf5 38. Nd2 Bh6 39. Nb1 Bxf4 40. Bxf4 Rxf4 41.
Rxf4 Rxf4 42. Na3 a6 43. Nc2 Re4 44. Kf2 Kh6 45. Ne1 Rg4 46. Ng2 Kg7 47. h3 Rg5
48. Nf4 Kf7 49. Ne2 Rf5+ 50. Kg2 h4 51. Ng1 Rg5+ 52. Kh2 Rg3 53. Ne2 Re3 54. Nf4
Rf3 55. Ng2 Rxc3 56. Nxh4 Ra3 57. Nf3 Rxf3 58. Kg2 Rf5 59. h4 c3 60. a4 c2 61.
axb5 axb5 62. h5 c1=Q 63. Kg3 Qf4+ 0-1

[Event "Challenge"]
[Site "http://www.queenalice.com/game.php?id=576826"]
[Date "2009.4.24"]
[Round "-"]
[White "BlackFog"]
[Black "Alexandre_lima"]
[Result "1-0"]
[WhiteElo "2102"]
[BlackElo "1246"]

1. c4 b6 2. Nc3 Ba6 3. b3 c6 4. d4 b5 5. e4 bxc4 6. Bxc4 d5 7. Bxa6 Nxa6 8. e5
Qa5 9. Bb2 Rb8 10. Ne2 c5 11. dxc5 Nxc5 12. O-O e6 13. Nd4 Ne4 14. Nxe4 dxe4 15.
Nc6 Qb6 16. Nxb8 Qxb8 17. Qc2 f5 18. exf6 gxf6 19. Qxe4 e5 20. Qc6+ Kf7 21. Rad1
Ne7 22. Rd7 Qb6 23. Qxb6 axb6 24. Rb7 Rg8 25. Rd1 Ke6 26. Rxb6+ Kf7 27. Ba3 Ng6
28. Bxf8 Kxf8 29. Rd8+ Kg7 30. Rb7+ Kh8 31. Rdd7 Rf8 32. Rxh7+ Kg8 33. Rbg7# 1-0

[Event "Challenge"]
[Site "http://www.queenalice.com/game.php?id=576857"]
[Date "2009.4.24"]
[Round "-"]
[White "waldi"]
[Black "BlackFog"]
[Result "0-1"]
[WhiteElo "1929"]
[BlackElo "2118"]

1. e4 e6 2. d4 d5 3. e5 c5 4. c3 Nc6 5. Bb5 Bd7 6. Ne2 a6 7. Bxc6 Bxc6 8. O-O c4
9. Ng3 g6 10. Nd2 Bg7 11. Nf3 f6 12. exf6 Nxf6 13. Qe2 Bd7 14. Ng5 Qc8 15. Re1
O-O 16. Bf4 Qc6 17. Nf3 Ng4 18. Ne5 Bxe5 19. Bxe5 Nxf2 20. Qd2 Nd3 21. Qh6 Rf7
22. Rf1 Nxe5 23. dxe5 Qb6+ 24. Kh1 Raf8 25. Rab1 Rxf1+ 26. Nxf1 Qf2 27. Qc1 Qe2
28. Ng3 Qxe5 29. Qd2 Qf4 30. Qe2 Qf2 31. Rf1 Qxe2 32. Rxf8+ Kxf8 33. Nxe2 e5 34.
Kg1 Bg4 35. Ng3 h5 36. h3 Bf5 37. Kf2 Bd3 38. Ke3 Kf7 39. Nh1 Be4 40. Kf2 h4 41.
Kg1 Ke6 42. Nf2 Kf5 43. Ng4 d4 44. Kf2 Kf4 45. a3 a5 46. Nf6 d3 47. Nh5+ gxh5
0-1

[Event "Challenge"]
[Site "http://www.queenalice.com/game.php?id=585236"]
[Date "2009.5.8"]
[Round "-"]
[White "nightw0lf"]
[Black "BlackFog"]
[Result "0-1"]
[WhiteElo "1992"]
[BlackElo "2108"]

1. e4 e6 2. d4 d5 3. Nc3 dxe4 4. Nxe4 Nf6 5. Bg5 Be7 6. Bxf6 Bxf6 7. Nf3 O-O 8.
Be2 b6 9. O-O Bb7 10. Ng3 Na6 11. c3 Qd6 12. Bxa6 Bxa6 13. Ne4 Qf4 14. Nxf6+
Qxf6 15. Re1 Bb7 16. Ne5 Qg5 0-1

[Event "arvo1938-2"]
[Site "http://www.queenalice.com/game.php?id=586013"]
[Date "2009.5.10"]
[Round "1"]
[White "arvo1938"]
[Black "BlackFog"]
[Result "0-1"]
[WhiteElo "1927"]
[BlackElo "2096"]

1. e4 e6 2. d4 d5 3. Nd2 dxe4 4. Nxe4 Nf6 5. Bg5 Be7 6. Bxf6 Bxf6 7. Nxf6+ Qxf6
8. c3 O-O 9. Nf3 Nc6 10. Be2 e5 11. dxe5 Nxe5 12. Nxe5 Qxe5 13. O-O Qg5 14. f4
Qf6 15. Bg4 Qb6+ 16. Kh1 Qxb2 17. Bxc8 Raxc8 18. Qb3 Qxb3 19. axb3 a6 20. g4
Rcd8 21. Rf2 Rd3 22. Rc1 Rfd8 23. Kg2 c5 24. f5 f6 25. Rcc2 b5 26. Rfe2 Kf7 27.
b4 c4 28. h4 g6 29. fxg6+ hxg6 30. Re1 Rd2+ 31. Re2 Rxe2+ 32. Rxe2 Rd3 33. Rc2
Re3 34. g5 fxg5 35. hxg5 Re5 36. Rf2+ Rf5 37. Ra2 Rxg5+ 38. Kf3 Rf5+ 39. Kg4 Rf6
40. Kg3 g5 41. Kg4 Kg6 42. Ra1 Rd6 43. Re1 Rf6 44. Ra1 Re6 45. Rd1 Re4+ 46. Kf3
Rf4+ 47. Kg3 Kf5 48. Rd6 Ke4 49. Rxa6 Rf3+ 50. Kg4 Rxc3 51. Rb6 Rc1 52. Kxg5 c3
53. Kf6 c2 54. Rxb5 Rf1+ 55. Ke6 c1=Q 0-1

[Event "Challenge #1"]
[Site "http://www.queenalice.com/game.php?id=602989"]
[Date "2009.6.14"]
[Round "-"]
[White "Aylton"]
[Black "BlackFog"]
[Result "0-1"]
[WhiteElo "2082"]
[BlackElo "2124"]

1. d4 e6 2. c4 d5 3. e3 Nf6 4. Nc3 Bb4 5. Bd2 O-O 6. Nf3 c5 7. a3 Bxc3 8. Bxc3
cxd4 9. Bxd4 dxc4 10. Bxc4 Nc6 11. O-O a6 12. Rc1 Nxd4 13. Qxd4 Qxd4 14. Nxd4
Bd7 15. Rfd1 Rfd8 16. f3 e5 17. Ne2 Rac8 18. b4 Bc6 19. Rxd8+ Rxd8 20. Bxa6 Bxf3
21. gxf3 bxa6 22. Rc6 Ra8 23. Nc3 h6 24. Kf2 Ra7 25. Ke2 Kh7 26. Kd3 Rd7+ 27.
Kc4 Rd2 28. Rxa6 Rxh2 29. Ra7 h5 30. Rxf7 h4 31. Ne4 Rc2+ 32. Kd3 Ra2 33. Nxf6+
Kg6 34. Rf8 gxf6 35. Rh8 Rxa3+ 36. Ke2 Kg5 37. f4+ exf4 38. exf4+ Kg4 39. b5 Rb3
40. Rb8 Kg3 41. b6 h3 42. b7 h2 43. Rg8+ Kxf4 0-1

[Event "Challenge #2"]
[Site "http://www.queenalice.com/game.php?id=602990"]
[Date "2009.6.14"]
[Round "-"]
[White "BlackFog"]
[Black "Aylton"]
[Result "0-1"]
[WhiteElo "2135"]
[BlackElo "2047"]

1. c4 e5 2. Nc3 Nc6 3. g3 d6 4. Bg2 Bd7 5. e3 f5 6. Nge2 Nf6 7. d4 a6 8. O-O Be7
9. a3 O-O 10. b4 Qc8 11. d5 Nd8 12. f3 Nf7 13. Qd3 g6 14. e4 fxe4 15. Nxe4 Nxe4
16. fxe4 Bh3 17. Be3 Bxg2 18. Kxg2 Ng5 19. Rxf8+ Qxf8 20. Rf1 Qc8 21. Bxg5 Bxg5
22. Ng1 Qd7 23. Qf3 Bh6 24. h3 Rf8 25. Qe2 Rxf1 26. Qxf1 Qa4 27. Qd3 Bc1 28. b5
Qxa3 29. Qb1 Qb2+ 30. Qxb2 Bxb2 31. Nf3 a5 32. Ne1 a4 33. Nd3 a3 34. Nb4 Kf8 35.
Kf3 Ke7 36. g4 Kd7 37. Ke2 c5 38. Na2 g5 39. Kd3 Kc7 40. Kc2 Kb6 41. Kb3 Ka5 42.
Nc3 Bxc3 43. Kxa3 Bd2 44. Kb3 b6 45. Ka3 Bb4+ 46. Kb3 h6 47. Kb2 Ka4 48. Kc2 Ka3
49. Kd3 Kb3 50. Ke3 Kxc4 51. h4 Kb3 0-1

[Event "Challenge"]
[Site "http://www.queenalice.com/game.php?id=603419"]
[Date "2009.6.15"]
[Round "-"]
[White "BlackFog"]
[Black "davidg"]
[Result "0-1"]
[WhiteElo "2111"]
[BlackElo "2231"]

1. c4 e5 2. Nc3 f5 3. g3 c6 4. Bg2 Nf6 5. e3 Be7 6. Nge2 O-O 7. O-O Qe8 8. d4 e4
9. Qb3 Kh8 10. d5 Na6 11. Nd4 Nc5 12. Qc2 d6 13. b4 Nd3 14. a3 Bd7 15. f3 cxd5
0-1

[Event "Challenge"]
[Site "http://www.queenalice.com/game.php?id=603420"]
[Date "2009.6.15"]
[Round "-"]
[White "davidg"]
[Black "BlackFog"]
[Result "1-0"]
[WhiteElo "2222"]
[BlackElo "2120"]

1. d4 e6 2. c4 d5 3. a3 c5 4. e3 cxd4 5. exd4 dxc4 6. Bxc4 Be7 7. Nf3 Nf6 8. h3
O-O 9. O-O Qc7 10. Qe2 a6 11. b4 b5 12. Bd3 Bb7 13. Be3 Rd8 14. Rc1 Qd7 15. Nbd2
Nc6 16. Rd1 1-0